000 01794cam a22004214i 4500
003 PE-LiUPU
005 20250731183334.0
008 140714s2005 sp abo g 01 spa d
020 _a8438003176
035 _a(Sirsi) i9788438003176
040 _aPE-LiUPU
_bspa
_cPE-LiUPU
_erda
049 _aPRUA
082 0 4 _a721.1
_bF38
100 1 _aFernández Casado, Carlos,
_eautor.
245 1 3 _aLa arquitectura del ingeniero /
_cCarlos Fernández Casado.
250 _aSegunda edición.
264 1 _aMadrid :
_bColegio de Ingenieros de Caminos, Canales y Puertos,
_c2005.
300 _a730 páginas :
_bilustraciones ;
_c30 centímetros.
336 _atext
_2rdacontent
337 _aunmediated
_2rdamedia
338 _avolume
_2rdacarrier
490 0 _aColección de Ciencias, Humanidades e Ingeniería ;v72
504 _aIncluye bibliografía.
505 0 _aIngeniería: maquinismo y arquitectura -- La arquitectura del ingeniero (teoría del arco) -- Madrid y el manzanares -- El río, la ciudad y sus puentes -- Teoría del Puente -- Puentes de altura estricta -- Expresión geográfica de las obras del ingeniero.
526 _aP158
526 _aP146
526 _aP17
526 _aP12
526 _aP06
650 1 7 _aIngenieria civil
_2embne
_9155
910 _agl
_clch
_d20131217
942 _2ddc
_cBOOK
949 _a721.1 F38
_wDEWEY
_c1
_i69682
_lCCODEBUL1
_mBUL
_p154.00
_r0
_sY
_tBOOK
_u2015-7-6
_xINGENIERIA
_PP06
_0COMPRA
_o.STAFF. Colección General
994 _aC0
_bPEPRU
596 _a1
999 _a721.1 F38
_wDEWEY
_c6089
_i69682
_f2021-11-9
_g7
_lCCODEBUL1
_mBUL
_p154.00
_r0
_sY
_tBOOK
_u2015-7-6
_xINGENIERIA
_PP06
_0COMPRA
_o.STAFF. Colección General
_d6089
980 _81
_gALBERTO SANCHEZ Responsable de Automatización